| 000 | 00363nam a2200121Ia 4500 | ||
|---|---|---|---|
| 005 | 20251222152041.0 | ||
| 008 | 251222s9999||||xx |||||||||||||| ||spa|| | ||
| 020 | _a84-491-0702-4 | ||
| 082 | _a634.044.2/C77 | ||
| 100 | _a"Coque Fuertes, ManuelDíaz Hernández, María Belén" | ||
| 245 | 0 | _aPoda de frutales y técnicas de propagación y plantación | |
| 942 | _cLIB | ||
| 999 |
_c26028 _d26028 |
||